书目信息 |
| 题名: |
图解刮痧一看就会
|
|
| 作者: | 贲越 , 赵鹏 , 董伟 主编 | |
| 分册: | ||
| 出版信息: | 长春 吉林科学技术出版社 2019 |
|
| 页数: | 200页 | |
| 开本: | 23cm | |
| 丛书名: | ||
| 单 册: | ||
| 中图分类: | R244.4-64 | |
| 科图分类: | R244.4 | |
| 主题词: | 刮搓疗法--图解 | |
| 电子资源: | ||
| ISBN: | 978-7-5578-5272-6 | |
| 000 | 01071nam0 2200277 450 | |
| 001 | 2363441542 | |
| 005 | 20231203173855.15 | |
| 010 | @a978-7-5578-5272-6@dCNY42.00 | |
| 100 | @a20200602d2019 em y0chiy50 ea | |
| 101 | 0 | @achi |
| 102 | @aCN@b220000 | |
| 105 | @aa z 000yy | |
| 106 | @ar | |
| 200 | 1 | @a图解刮痧一看就会@9tu jie gua sha yi kan jiu hui@f贲越,赵鹏,董伟主编 |
| 210 | @a长春@c吉林科学技术出版社@d2019 | |
| 215 | @a200页@d23cm | |
| 314 | @a贲越,长春市中医院骨科主任,副主任医师。吉林省第一批老中医药专家学术经验继承人,师承名中医于乃博。吉林省中医药学会风湿骨病专业委员会副主任委员,吉林省预防医学会卫生信息分会理事,中国医学救援协会运动伤害分会理事。 | |
| 330 | @a本书介绍刮痧基础知识、办公室一族常见病的刮痧疗法、中老年常见病的刮痧疗法、小儿常见病的刮痧疗法、日常保健刮痧法、刮痧美容法等内容。 | |
| 606 | 0 | @a刮搓疗法@j图解 |
| 690 | @aR244.4-64@v5 | |
| 692 | @aR244.4 | |
| 701 | 0 | @a贲越@9ben yue@4主编 |
| 701 | 0 | @a赵鹏@9zhao peng@4主编 |
| 701 | 0 | @a董伟@9dong wei@4主编 |
| 801 | 0 | @aCN@b91MARC@c20200604 |
| 905 | @aBZT@dR244.4@e27 | |
| 图解刮痧一看就会/贲越,赵鹏,董伟主编.-长春:吉林科学技术出版社,2019 |
| 200页;23cm |
| ISBN 978-7-5578-5272-6:CNY42.00 |
| 本书介绍刮痧基础知识、办公室一族常见病的刮痧疗法、中老年常见病的刮痧疗法、小儿常见病的刮痧疗法、日常保健刮痧法、刮痧美容法等内容。 |
| ● |
| 相关链接 |
|
|
|
正题名:图解刮痧一看就会
索取号:R244.4/27
 
预约/预借
| 序号 | 登录号 | 条形码 | 馆藏地/架位号 | 状态 | 备注 |
| 1 | 2001054001 | 2001054001 | 中教第一批/山东中教(第二批)/770/ [索取号:R244.4/27] | 在馆 | |
| 2 | 2001054002 | 2001054002 | 中教第一批/山东中教(第二批)/770/ [索取号:R244.4/27] | 在馆 | |
| 3 | 2001054003 | 2001054003 | 中教第一批/山东中教(第二批)/770/ [索取号:R244.4/27] | 在馆 | |
| 4 | 2001054004 | 2001054004 | 中教第一批/山东中教(第二批)/770/ [索取号:R244.4/27] | 在馆 | |
| 5 | 2001054005 | 2001054005 | 中教第一批/山东中教(第二批)/770/ [索取号:R244.4/27] | 在馆 | |
| 6 | 2001054006 | 2001054006 | 中教第一批/山东中教(第二批)/770/ [索取号:R244.4/27] | 在馆 |